000 01880nam a2200433 c 4500
003 BLK
005 20250528083914.0
008 180407b bul|||||r ||||||| ||bul||
010 _aKNG00035289000
020 _a954-529-177-Х
_bиздат.: Колибри
040 _aBLK
041 _aBUL
_cBUL
072 7 _2bullib
_aЛ03
_xСебепознание. Мисловни техники. Психология. Парапсихология
080 _aПсихоанализа
_b159.964.2
_x
_z159.964.2
080 _aИндивидуална психология. Психология на личността. Индивидуалност. Психология на характера. Характерология. Психологическа типология
_b159.923
_x
_z159.923
100 1 _aДако, Пиер
_eпърви автор
_9254033
700 1 _aГецова, Румяна
_eпрев. от фр.
_9254034
139 _aДако, Пиер
_bД 14
245 1 0 _aПсихология и вътрешна свобода
_cПиер Дако; прев. от фр. Румяна Гецова.
260 София
_bКолибри
_c2001
_fСофия : Балкан прес
300 _a312 с.
_c20 см
380 _a1
490 1 _aColibri
500 _aОриг. загл. Psychologie et liberte interieure / Pierre Daco. - Офс. изд.
650 4 _aПсихология
_9168332
650 4 _aЛичност - психология
_9243160
650 4 _aПсихоанализа
_9168303
650 4 _aДуша
_9153912
653 _aпсихология
653 _aпсихоанализа
653 _aдуша
659 _aЛ
852 _aЦб 207451
856 4 _qpdf
_u
856 4 _qpdf
_u
942 _cKNG
_n0
_09
944 _aCR
_c15.01.2003
_k30529
_lДиана Гривева
944 _aED
_c15.11.2011
_k
999 _c32614
_d32614